Cyber Security : (Record no. 36881)

MARC details
000 -LEADER
fixed length control field 00479nam a22001697a 4500
005 - DATE AND TIME OF LATEST TRANSACTION
control field 20250312112206.0
008 - FIXED-LENGTH DATA ELEMENTS--GENERAL INFORMATION
fixed length control field 250312b |||||||| |||| 00| 0 eng d
020 ## - INTERNATIONAL STANDARD BOOK NUMBER
ISBN 9781440861741
082 ## - DEWEY DECIMAL CLASSIFICATION NUMBER
Classification number 005.8
Item number CAR-C
100 ## - MAIN ENTRY--AUTHOR
Author Name Caravelli, Jack
245 ## - TITLE STATEMENT
Title Cyber Security :
Remainder of title Threats and Responses for Government and Business /
Statement of responsibility, etc. Nigel Jones
260 ## - PUBLICATION, DISTRIBUTION, ETC.
Place of Publication USA:
Name of publisher, distributor, etc. Elsevier;
Date of publication, distribution, etc. 2019.
500 ## - GENERAL NOTE
General note include index.
650 ## - SUBJECT ADDED ENTRY--TOPICAL TERM
Subject / Department Cyber Security
300 ## - PHYSICAL DESCRIPTION
-- ill;
-- 27 cm.
952 ## - LOCATION AND ITEM INFORMATION (KOHA)
-- 0
-- 0
-- 005.8 CAR-C 2019
952 ## - LOCATION AND ITEM INFORMATION (KOHA)
-- 0
-- 0
-- 005.8 CAR-C 2019
952 ## - LOCATION AND ITEM INFORMATION (KOHA)
-- 0
-- 0
-- 005.8 CAR-C 2019
952 ## - LOCATION AND ITEM INFORMATION (KOHA)
-- 0
-- 0
-- 005.8 CAR-C 2019
952 ## - LOCATION AND ITEM INFORMATION (KOHA)
-- 0
-- 0
Holdings
Lost status Damaged status Collection code Permanent Location Current Location Shelving Location Date acquired Full Call Number Accession No./Barcode Date last seen Copy number item type Koha item type
    CS/IT Superior Information Resource Center (SIRC) Superior University- Gold Campus Superior Information Resource Center (SIRC) Superior University- Gold Campus Cyber Security 03/12/2025 005.8 CAR-C 2019 30011 03/12/2025 1 BOOK BOOK
    CS/IT Superior Information Resource Center (SIRC) Superior University- Gold Campus Superior Information Resource Center (SIRC) Superior University- Gold Campus Cyber Security 03/12/2025 005.8 CAR-C 2019 30012 03/12/2025 2 BOOK BOOK
    CS/IT Superior Information Resource Center (SIRC) Superior University- Gold Campus Superior Information Resource Center (SIRC) Superior University- Gold Campus Cyber Security 03/12/2025 005.8 CAR-C 2019 30013 03/12/2025 3 BOOK BOOK
    CS/IT Superior Information Resource Center (SIRC) Superior University- Gold Campus Superior Information Resource Center (SIRC) Superior University- Gold Campus Cyber Security 03/12/2025 005.8 CAR-C 2019 30014 03/12/2025 4 BOOK BOOK
    CS/IT Superior Information Resource Center (SIRC) Superior University- Gold Campus Superior Information Resource Center (SIRC) Superior University- Gold Campus Cyber security 04/21/2026 005.8 CAR-C 2019 30420 04/21/2026 5 BOOK BOOK

Powered by Koha